Statystyki dla Wiedza Ogólna #5 -50 Pytań

Kliknij tutaj aby rozwiązać quiz!

Ogólne statystyki

  • Ten quiz został rozwiązany 2 862 razy
    (2 243 od ostatniego zresetowania)
  • Średni wynik to 20 z 50

Statystyki odpowiedzi

Lp.PytanieOdpowiedź% Poprawnych
10Jaką nazwę nosi ostatnia planeta Układu Słonecznego?Neptun
88%
16Częścią którego miasta w Polsce są dzielnice Ochota i Wola?Warszawa
85%
2Jaką nazwę nosi trwała cząstka elementarna o dodatnim ładunku elektrycznym, składnik jądra atomowego?Proton
81%
33Jaką nazwę nosi popularna gra planszowa polegająca na kupowaniu nieruchomości?Monopoly
79%
19Stolicą jakiego kraju jest Canberra?Australia
77%
31Jaką nazwę nosi masywne zwierzę o szarobrunatnej sierści i dużej głowie z krótkimi rogami, symbol Puszczy Białowieskiej?Żubr
74%
37Który pierwiastek chemiczny oznaczany jest symbolem Au?Złoto
72%
42Które województwo jest największe pod względem powierzchni?Województwo Mazowieckie
70%
15Jaką nazwę nosi pojazd komunikacji miejskiej podobny do autobusu, napędzany energią elektryczną pobieraną z przewodów sieci trakcyjnej?Trolejbus
68%
7Jaką nazwę nosi stolica Panamy?Panama
67%
39Jakie zwierze karmiło swoim mlekiem mitycznych założycieli Rzymu, Remusa i Romulusa?Wilczyca
66%
20Jaką nazwę nosiła misja kosmiczna, której głównym celem było pierwsze lądowanie człowieka na Księżycu?Apollo 11
65%
24Jaką nazwę nosi duży smyczkowy instrument muzyczny o czterech strunach, w czasie gry opierany o podłogę?Wiolonczela
65%
1Wypisz wszystkich sąsiadów Haiti.Dominikana
63%
28Który brytyjski zespół był określany jako "Czwórka z Liverpoolu"?The Beatles
62%
11Jaką nazwę nosi kalendarz słoneczny używany obecnie w większości krajów świata?Kalendarz Gregoriański
57%
48Jakim zwierzęciem był Robin Hood w animowanym filmie studia Disney z 1973?Lis
56%
17Jaką nazwę nosi morze znajdujące się na pograniczu Izraela i Jordanii?Morze Martwe
54%
46Jaką nazwę nosi najwyższe szczyt Afryki?Kilimandżaro
51%
30Jaką nazwę nosi seria książek których akcja ma miejsce w moskiewskim metrze w czasach apokalipsy atomowej?Metro
51%
22Jaki tytuł nosił film w którym Micheal Jordan i Bugs Bunny wspólnie grali w koszykówkę?Kosmiczny Mecz
47%
36Jaką nazwę nosiło miasto zbudowane na potrzeby pracowników czarnobylskiej elektrowni atomowej?Prypeć
47%
4Jaką nazwę nosiła pierwsza konsola przenośna wyprodukowana przez koncern Sony?PlayStation Portable
44%
38Kto był odtwórcą tytułowej roli w filmie Forrest Gump?Tom Hanks
44%
49Jaką nazwę nosi część stanu Kalifornia słynna z przemysłu technicznego i komputerowego?Dolina Krzemowa
36%
41Jaką nazwę nosi krótka portfelowa spódniczka w kratę, stanowiąca tradycyjny strój górali szkockich?Kilt
36%
21Jak nazywa się stan USA w którym znajduje się centrala główna koncernu Microsoft?Waszyngton
31%
32Jaką nazwę nosi separatystyczny region w wschodniej Mołdawii?Naddniestrze
30%
8Jak miał na imię i nazwisko reżyser takich filmów jak "Ptaki" i "Psychoza"?Alfred Hitchcock
28%
50W którym europejskim mieście znajduje się słynny Plac Świętego Marka?Wenecja
25%
45W jakim mieście odbędą się letnie igrzyska olimpijskie w 2024 roku?Paryż
24%
40Przywódcą którego koczowniczego ludu był Attyla?Hunowie
23%
47Jaką nazwę nosi narząd w jamie brzusznej, magazynujący krew, rozkładający niektóre krwinki czerwone i wytwarzający ciała odpornościowe?Śledziona
23%
27Którego dnia przypada tak zwany "Dzień Zwycięstwa"?8 Maj / 9 Maj
22%
23Jaki kraj był wcześniej znany jako Pakistan Wschodni?Bangladesz
22%
18Jaką nazwę nosi drużyna NBA z Nowego Jorku?New York Knicks
22%
14Wymień przynajmniej jeden księżyc Marsa.Fobos i Deimos
21%
35Rozwiń skrót PWN.Państwowe Wydawnictwo Naukowe
20%
26Jaką nazwę nosi nauka o psach?Kynologia
19%
5Gitarzystą jakiego zespoły był Jimmy Page?Led Zeppelin
17%
43Jaki tytuł nosi film biograficzny o Stephenie Hawkingu?Teoria Wszystkiego
17%
25Jaką nazwę nosił polski zespół który nagrał piosenkę o "prześlicznej" muzyk która grała na instrumencie z pytania nr 24?Skaldowie
13%
44Jaką nazwę nosi rzeka przepływająca przez Pragę?Wełtawa
13%
6Jaką nazwę nosi związek organiczny powstający w wyniku działania kwasów na alkohole lub fenole?Ester
11%
12Jakim zwierzęciem był Crash z serii gier Crash Bandicoot?Jamraj
10%
9W którym amerykańskim mieście znajduje się słynna Bourbon Street?Nowy Orlean
9%
3Jaką nazwę nosi kierunek filozoficzny w XIX i XX w. pojmujący naukę jako badanie faktów, postulujący oczyszczenie wiedzy z wszelkiej metafizyki?Pozytywizm
9%
29Jaką nazwę nosi jednostka dawki promieniowania gamma?Rentgen
9%
34Twórcą którego słynnego horroru był Bram Stoker?Dracula
8%
13Jaką nazwę nosił dysk optyczny jakości HD, który został "pokonany" przez BluRay?HD DVD
4%

Rozkład punktacji

Percentyl według liczby udzielonych odpowiedzi

Procent ludzi z każdym wynikiem

Twoja historia wyników

Nie rozwiązałeś tego quizu od ostatniego zresetowania